Queensland State Quiz - Statistics

General Stats
  • This quiz has been taken 43 times
  • The average score is 10 of 15
Answer Stats
Hint Answer % Correct
Capital? Brisbane
100%
Only Australian state larger than Queensland? Western Australia
97%
Second largest city? Gold Coast
92%
Most famous natural feature? Great Barrier Reef
86%
Largest sand island in the world? Fraser Island
83%
Nearest city over 100,000 people to both that mountain and the above rainforest? Cairns
78%
Most recent population milestone (in millions) reached? 5 million
75%
Annual rugby league series played between Queensland and New South Wales? State of Origin
75%
Large cape representing the northernmost part of both mainland Queensland and Australia? Cape York
69%
Longest mountain range (shared with other states)? Great Dividing Range
69%
Largest rainforest? Daintree
61%
Indigenous group distinct from Aboriginal Australians who inhabit the islands between Queensland and New Guinea? Torres Strait Islanders
56%
Remote desert town with popular races, which is the terminus of a famous track which extends over 500km into South Australia? Birdsville
42%
Native people of the capital's area? Turrbal
31%
Highest mountain at 1622m? Mount Bartle Frere
22%
No matching quizzes found
Score Distribution
Percent of People with Each Score
Percentile by Number Answered
Your Score History
You have not taken this quiz